01946 a2200217 45000010006000000050017000060080041000230030015000640400040000790800105001192450061002240200022002852640096003073000019004035051042004220410008014641000024014727000086014967000051015828560095016334440820260407155721.0260407a2017 arg spa dAR-UNSa-BCEJYS aAR-UNSa-BCEJYSbspacAR-UNSa-BCEJYS a304.4xAspectos generales de las políticas y prácticas sociales y culturales (política social)10aInstitucionalidad social en América Latina y el Caribe a978-92-1-121956-2 1aSantiago de Chile :bCEPAL (Comisión Económica para América Latina y el Caribe)c2017 a328 p.c22 cm. aCapítulo I. Institucionalidad y desarrollo social / Rodrigo Martínez, Carlos Maldonado Valera - Capítulo II. La institucionalidad del desarrollo y la protección social en América Latina y el Caribe: panorama y desafíos / Rodrigo Martínez, Carlos Maldonado Valera - Capítulo III. Regulación del mercado de trabajo y protección social: desafíos institucionales / Mario D. Velásquez Pinto - Capítulo IV. Aspectos institucionales de los sistemas de pensiones en América Latina / Andras Uthoff - Capítulo V. El cuidado, pilar de la protección social: derechos, políticas e institucionalidad en América Latina / María Nieves Rico, Claudia Robles - Capítulo VI. Ciclo de vida y políticas sociales: las instituciones de juventud en la región / Daniela Trucco - Capítulo VII. Discapacidad y políticas públicas: avances y desafíos institucionales en América Latina / Heidi Ullmann - Capítulo VIII. Afrodescendientes latinoamericanos: institucionalidad y políticas públicas / Marta Rangel aspa1 aMartínez, Rodrigo1 aNaciones Unidas. Comisión Económica para América Latina y el Caribe (CEPAL)1 aAgencia Alemana de Cooperación Internacional41uhttps://biblioeco.unsa.edu.ar/pmb/images/libros/L126878.jpgyImagen de portadaqimage/jpeg